Statistics for Country Translation - Welsh to English #2

Click here to take the quiz!

General Stats

  • This quiz has been taken 52 times
  • The average score is 15 of 20

Answer Stats

WelshEnglish% Correct
De AffricaSouth Africa
98%
CiwbaCuba
96%
FfraincFrance
96%
Bwrcina FfasoBurkina Faso
94%
WgandaUganda
92%
Seland NewyddNew Zealand
86%
AlmaenGermany
84%
CirgistanKyrgyzstan
84%
LibanusLebanon
84%
JibwtiDjibouti
82%
Gini BisawGuinea-Bissau
82%
TwrciTurkey
76%
TsiadChad
65%
IorddonenJordan
65%
Gwlad PwylPoland
59%
EidalItaly
57%
TsieciaCzechia
55%
AifftEgypt
53%
Gwlad GroegGreece
51%
ArianninArgentina
45%

Score Distribution

Percentile by Number Answered

Percent of People with Each Score

Your Score History

You have not taken this quiz